000 01244nam a2200229Ia 4500
001 L192-1745
003 IT-CnALBA
008 170116s9999||||xx |||||||||||||| ||und||
040 _aIT-CnALBA
_cIT-CnALBA
041 _aITALIANO
100 _aLONERGAN BERNARD
245 0 _aINTELLIGENZA (L'). STUDIO DELLA COMPRENSIONE DELLA ESPERIENZA.
250 _a1a ed.
260 _aCINISELLO BALSAMO (MI)
_bEDIZIONI PAOLINE
_c1961 [1° Ed.:1961 - Ed.Ling.Originale: 1961]
300 _a826 p. (prefazione: 7)
500 _aTRADUZIONE DALL'INGLESE DI CARLA M. DI SCIPIO. INTELLIGENZA COME ATTIVITÀ . METODO EMPIRICO. INVESTIGAZIONE CLASSICA E STATISTICA. SPAZIO E TEMPO. SENSO COMUNE E SENSO SOGGETTO. IL SENSO COMUNE OGGETTO. COSE. GIUDIZIO. INDENTIMENTO RIFLESSIVO. INTELLIGENZ
501 _aSocietà San Paolo EM - Piazza San Paolo, 14 - 12051 ALBA (CN) (non commercial uses only) ® Copyright 2017
520 _aTRADUZIONE DALL'INGLESE DI CARLA M. DI SCIPIO. INTELLIGENZA COME ATTIVITÀ . METODO EMPIRICO. INVESTIGAZIONE CLASSICA E STATISTICA. SPAZIO E TEMPO. SENSO COMUNE E SENSO SOGGETTO. IL SENSO COMUNE OGGETTO. COSE. GIUDIZIO. INDENTIMENTO RIFLESSIVO. INTELLIGENZ
650 _aFILOSOFIA INGLESE
942 _cBK
957 _71
999 _a2727
_bNO
_g Copie: 1
_c260964
_d260964